MARC

LEADER 00000nam0a2200000 4500
001 357168
005 20231102010950.0
035 |a (RuTPU)RU\TPU\retro\14428 
090 |a 357168 
100 |a 20200803d1927 m y0rusy50 ca 
101 0 |a rus 
102 |a RU 
105 |a af z 000zy 
200 1 |a Академия Наук Союза Советских Социалистических Республик за десять лет (1917-1927) 
210 |a Ленинград  |c Издательство Академии наук СССР  |d 1927 
215 |a 235 с.  |c ил., вкл. л. 
606 1 |a Академия наук СССР  |x История  |2 stltpush  |3 (RuTPU)RU\TPU\subj\1610  |9 30350 
610 1 |a 20 век 
610 1 |a структура 
610 1 |a деятельность 
610 1 |a математика 
610 1 |a физика 
610 1 |a сейсмология 
610 1 |a химия 
610 1 |a геология 
610 1 |a палеонтология 
610 1 |a минералогия 
610 1 |a ботаника 
610 1 |a почвоведение 
610 1 |a история 
610 1 |a подготовка 
610 1 |a подготовка кадров 
686 |a Ч214(2)71г  |v LBC/SL-A  |2 rubbk 
801 1 |a RU  |b 63413507  |c 20200803 
801 2 |a RU  |b 63413507  |c 20200915  |g RCR 
942 |c BK